Localités du Canton de Vaud - Statistiques

Statistiques générales
  • Ce quiz a été pris 87 fois
  • Le résultat moyen est 139 sur 445
Réponses sur la Carte
Les réponses sont colorées sur une échelle allant du rouge au vert en fonction du pourcentage des utilisateurs qui les ont devinées à leur premier essai. Vous pouvez retrouver ces pourcentages ci-dessous.
 
Statistiques - réponses
Habitants Commune % Correct
9 277 Le Mont-sur-Lausanne
91%
139 226 Lausanne
88%
495 Mont-la-Ville
88%
2 783 Mont-sur-Rolle
88%
977 Villars-Sainte-Croix
82%
30 024 Yverdon-les-Bains
82%
17 720 Morges
80%
23 016 Nyon
77%
525 Bougy-Villars
75%
21 408 Renens
75%
11 402 Aigle
73%
473 Lussery-Villars
73%
20 139 Vevey
73%
148 Villars-Bozon
73%
170 Villars-Bramard
73%
721 Villars-Burquin
73%
100 Villars-Epeney
73%
135 Villars-le-Comte
73%
502 Villars-le-Grand
73%
1 297 Villars-le-Terroir
73%
259 Villars-Mendraz
73%
53 Villars-sous-Champvent
73%
609 Villars-sous-Yens
73%
1 682 Villars-sur-Ollon
73%
441 Villars-Tiercelin
73%
8 150 Montreux
71%
19 163 Pully
71%
6 186 Lutry
70%
1 674 Cully
64%
13 320 Ecublens
64%
14 018 Gland
64%
12 417 Prilly
64%
2 229 Chexbres
63%
6 393 Moudon
63%
7 842 Orbe
63%
6 682 Rolle
63%
4 097 Vallorbe
63%
6 052 Villeneuve
63%
3 209 Aubonne
61%
8 069 Bex
61%
1 400 Chavannes-de-Bogis
61%
1 018 Chavannes-des-Bois
61%
318 Chavannes-le-Chêne
61%
157 Chavannes-le-Veyron
61%
9 311 Chavannes-près-Renens
61%
238 Chavannes-sur-Moudon
61%
6 570 Echallens
61%
3 384 Grandson
61%
10 624 Bussigny
59%
70 Bussigny-sur-Oron
59%
9 919 Epalinges
59%
3 715 Leysin
59%
10 259 Payerne
59%
3 964 Sainte-Croix
59%
2 793 Château-d'Oex
57%
3 792 Ollon
57%
1 941 Oron-la-Ville
57%
390 Oron-le-Châtel
57%
3 900 Belmont-sur-Lausanne
55%
443 Belmont-sur-Yverdon
55%
1 712 Bière
55%
12 595 La Tour-de-Peilz
55%
2 931 Puidoux
55%
5 144 Saint-Sulpice
55%
431 Allaman
54%
6 471 Blonay
54%
4 823 Chavornay
54%
739 Cheseaux-Noréaz
54%
9 354 Crissier
54%
2 843 Cugy
54%
4 273 Romanel-sur-Lausanne
54%
462 Romanel-sur-Morges
54%
628 Rougemont
54%
388 Saint-Saphorin (Lavaux)
54%
636 Saint-Saphorin-sur-Morges
54%
2 763 Savigny
54%
3 536 Yvonand
54%
1 182 Eclépens
52%
1 534 Paudex
52%
1 552 Echichens
50%
224 Essert-Pittet
50%
158 Essert-sous-Champvent
50%
2 598 La Sarraz
50%
5 215 Préverenges
50%
5 914 Saint-Prex
50%
1 146 Baulmes
48%
4 606 Cossonay-Ville
48%
2 909 Echandens
48%
2 913 Etoy
48%
356 L'Abbaye
48%
896 Lavey-Village
48%
1 180 Noville
48%
931 Rennaz
48%
1 498 Yens
48%
1 070 Champagne
46%
2 111 Chardonne
46%
3 178 Coppet
46%
2 723 Froideville
46%
1 537 Gryon
46%
1 431 Le Brassus
46%
471 Le Pont
46%
5 892 Saint-Légier - La Chiésaz
46%
1 105 Yvorne
46%
4 287 Avenches
45%
5 043 Cheseaux-sur-Lausanne
45%
557 Essertines-sur-Rolle
45%
750 Essertines-sur-Yverdon
45%
2 470 Gimel
45%
1 493 Jouxtens-Mézery
45%
500 Le Lieu
45%
822 Lully
45%
1 003 Veytaux
45%
578 Aclens
43%
1 492 Apples
43%
2 974 Arzier-Le Muids
43%
512 Bullet
43%
519 Champvent
43%
1 818 Denges
43%
1 901 Jongny
43%
1 119 Les Diablerets
43%
827 L'Isle
43%
2 687 Lonay
43%
961 Montricher
43%
1 600 Perroy
43%
927 Pompaples
43%
525 Rances
43%
326 Rivaz
43%
1 335 Vufflens-la-Ville
43%
882 Vufflens-le-Château
43%
576 Ballens
41%
503 Bonvillars
41%
1 374 Bottens
41%
9 577 Clarens
41%
2 436 Corsier-sur-Vevey
41%
2 439 Crans
41%
1 069 Daillens
41%
388 Ependes
41%
1 266 Gingins
41%
3 966 Lucens
41%
775 Montagny-près-Yverdon
41%
498 Onnens
41%
3 197 Penthalaz
41%
1 928 Tolochenaz
41%
703 Valeyres-sous-Montagny
41%
583 Valeyres-sous-Rances
41%
237 Valeyres-sous-Ursins
41%
2 336 Corseaux
39%
2 304 Grandvaux
39%
1 201 La Rippe
39%
322 Mollens
39%
781 Palézieux-Gare
39%
816 Palézieux-Village
39%
1 949 Roche
39%
488 Vaulion
39%
244 Arnex-sur-Nyon
38%
663 Arnex-sur-Orbe
38%
1 999 Begnins
38%
1 331 Bercher
38%
308 Berolle
38%
843 Bursins
38%
464 Corbeyrier
38%
1 277 Crassier
38%
96 Les Clées
38%
255 Les Mosses
38%
1 302 Mézières
38%
2 188 Mies
38%
1 898 Penthaz
38%
574 Romainmôtier-Envy
38%
423 Rossinière
38%
2 676 Saint-Cergue
38%
1 311 Servion
38%
1 485 Bassins
36%
252 Bioley-Magnoux
36%
517 Bioley-Orjulaz
36%
687 Buchillon
36%
1 173 Etagnières
36%
2 031 Genolier
36%
1 075 Glion
36%
236 Grandevent
36%
1 050 Lavigny
36%
1 403 Le Vaud
36%
814 Mex
36%
4 271 Prangins
36%
436 Reverolle
36%
231 Sévery
36%
1 449 Trélex
36%
210 Villette (Lavaux)
36%
614 Bremblens
34%
1 280 Chéserex
34%
422 Chigny
34%
1 021 Concise
34%
471 Cottens
34%
743 Denens
34%
626 Dully
34%
904 Féchy
34%
2 045 Forel (Lavaux)
34%
140 Forel-sur-Lucens
34%
1 011 Givrins
34%
1 073 Gollion
34%
424 La Chaux (Cossonay)
34%
551 Longirod
34%
732 Lussy-sur-Morges
34%
64 Mauraz
34%
296 Moiry
34%
1 290 Pampigny
34%
532 Ropraz
34%
1 060 Saint-George
34%
695 Saint-Livres
34%
490 Senarclens
34%
234 Ursins
34%
1 179 Assens
32%
526 Bursinel
32%
418 Bussy-Chardonney
32%
251 Bussy-sur-Moudon
32%
220 Clarmont
32%
2 990 Commugny
32%
1 739 Eysins
32%
3 834 Founex
32%
893 Goumoëns-la-Ville
32%
41 Goumoëns-le-Jux
32%
546 Grancy
32%
564 Le Sépey
32%
451 Saint-Oyens
32%
288 Tartegnin
32%
571 Vullierens
32%
422 Burtigny
30%
597 Caux
30%
554 Colombier
30%
495 Corcelles-le-Jorat
30%
421 Corcelles-près-Concise
30%
2 924 Corcelles-près-Payerne
30%
367 Corcelles-sur-Chavornay
30%
1 877 Cudrefin
30%
342 Epesses
30%
762 Fey
30%
2 326 Le Sentier
30%
212 Les Rasses
30%
510 Marchissy
30%
598 Oulens-sous-Echallens
30%
45 Oulens-sur-Lucens
30%
388 Provence
30%
182 Vaux-sur-Morges
30%
1 134 Borex
29%
319 Ferreyres
29%
1 342 Gilly
29%
1 590 Granges-près-Marnand
29%
569 Montherod
29%
449 Saubraz
29%
644 Bettens
27%
984 Bogis-Bossey
27%
521 Chessel
27%
485 Orny
27%
876 Pomy
27%
829 Saint-Barthélemy
27%
1 196 Ballaigues
25%
518 Bournens
25%
1 023 Boussens
25%
541 Cuarnens
25%
242 Cuarny
25%
132 Les Plans-sur-Bex
25%
462 Lignerolle
25%
606 Signy-Avenex
25%
888 Thierrens
25%
314 Trey
25%
1 052 Bavois
23%
436 Fiez
23%
441 Monnaz
23%
964 Poliez-le-Grand
23%
875 Poliez-Pittet
23%
593 Vuiteboeuf
23%
422 Cronay
21%
1 114 Duillier
21%
458 Giez
21%
347 Les Avants
21%
140 Mauborget
21%
146 Mutrux
21%
55 Pizy
21%
2 136 Territet
21%
561 Chamblon
20%
525 Chevroux
20%
397 Croy
20%
488 Donneloye
20%
197 Fontaines-sur-Grandson
20%
1 605 La Croix (Lutry)
20%
710 Mathod
20%
639 Montpreveyres
20%
259 Bretonnières
18%
450 Henniez
18%
268 L'Abergement
18%
3 015 La Conversion
18%
206 La Praz
18%
567 Maracon
18%
76 Mézery-près-Donneloye
18%
1 142 Morrens
18%
416 Orges
18%
522 Treycovagnes
18%
109 Treytorrens (Payerne)
18%
1 177 Vich
18%
379 Vinzel
18%
151 Vugelles-La Mothe
18%
383 Agiez
16%
194 Bofflens
16%
1 484 Carrouge
16%
522 Coinsins
16%
902 Faoug
16%
589 L'Auberson
16%
204 L'Etivaz
16%
744 L'Orient
16%
626 Luins
16%
26 Morcles
16%
474 Saint-Triphon
16%
1 198 Sullens
16%
217 Suscévaz
16%
1 197 Chailly-Montreux
14%
1 634 Chalet-à-Gobet
14%
188 Champtauroz
14%
342 Chevilly
14%
160 Démoret
14%
1 004 Grandcour
14%
351 Juriens
14%
326 Les Charbonnières
14%
102 Novalles
14%
438 Penthéréaz
14%
669 Suchy
14%
1 734 Tannay
14%
1 856 Vers-chez-les-Blanc
14%
635 Vucherens
14%
155 Allens
13%
125 Brenles
13%
176 Chêne-Pâquier
13%
306 Curtilles
13%
237 Dizy
13%
253 Dompierre
13%
1 078 Le Mont-Pèlerin
13%
709 Les Bioux
13%
373 Missy
13%
494 Montcherand
13%
202 Oppens
13%
214 Orzens
13%
233 Premier
13%
199 Rovray
13%
221 Villard-sur-Chamby
13%
227 Villarzel
13%
1 102 Vuarrens
13%
894 Bretigny-sur-Morrens
11%
390 Essertes
11%
265 Huémoz
11%
141 Lovatens
11%
281 Marnand
11%
282 Molondin
11%
232 Mur (Vully)
11%
576 Pailly
11%
439 Peney-le-Jorat
11%
137 Sergey
11%
165 Syens
11%
645 Vulliens
11%
241 Bellerive
9%
441 Chamby
9%
298 Constantine
9%
296 Donatyre
9%
395 Grens
9%
368 Hermenches
9%
226 La Cure
9%
52 La Lécherette
9%
316 La Sagne (Sainte-Croix)
9%
53 La Vraconnaz
9%
869 Les Cullayes
9%
489 Montblesson
9%
337 Ogens
9%
226 Prévonloup
9%
332 Riex
9%
88 Rossenges
9%
59 Rossens
9%
302 Rueyres
9%
350 Sottens
9%
439 Sugnens
9%
29 Vaugondry
9%
519 Aran
7%
378 Boulens
7%
592 Chapelle-sur-Moudon
7%
300 Combremont-le-Grand
7%
401 Combremont-le-Petit
7%
197 Denezy
7%
393 Ferlens
7%
179 Gressy
7%
201 La Comballaz
7%
96 La Russille
7%
100 Lavey-les-Bains
7%
502 Les Moulins
7%
206 Le Solliat
7%
684 Mollie-Margot
7%
214 Montmagny
7%
288 Oleyres
7%
2 022 Chernex
5%
175 Chesalles-sur-Moudon
5%
262 Chesalles-sur-Oron
5%
1 772 Chesières
5%
121 Cotterd
5%
448 Ecoteaux
5%
354 Epautheyres
5%
117 Fenalet-sur-Bex
5%
243 Flendruz
5%
95 Fontanezier
5%
204 La Forclaz
5%
92 Le Château-de-Sainte-Croix
5%
82 Le Séchey
5%
948 Les Monts-de-Corsier
5%
113 Les Tavernes
5%
208 Les Thioleyres
5%
228 Panex
5%
1 025 Salavaux
5%
239 Sédeilles
5%
281 Vers-chez-Perrin
5%
1 045 Brent
4%
433 Chabrey
4%
638 Châtillens
4%
97 Chenaux
4%
40 Cremin
4%
344 Dommartin
4%
60 Fenil-sur-Corsier
4%
87 Frenières-sur-Bex
4%
232 Gossens
4%
113 La Coudre
4%
105 La Tine
4%
226 Les Posses-sur-Bex
4%
150 Naz
4%
117 Prahins
4%
39 Romairon
4%
215 Sassel
4%
358 Seigneux
4%
570 Vallamand
4%
304 Vers-l'Eglise
4%
94 Cerniaz
2%
112 Chanéaz
2%
117 Correvon
2%
278 Eclagnens
2%
114 Les Monts-de-Pully
2%
92 Martherenges
2%
166 Neyruz-sur-Moudon
2%
139 Peyres-Possens
2%
539 Saint-Cierges
2%
105 Sarzens
2%
135 Vuibroye
2%
351 Arveyes
0%
75 Montaubion-Chardonney
0%
Aucun quiz correspondant
Distribution des résultats
% des personnes avec chaque résultat
Percentile par nombre de réponses
Votre historique - résultats
Vous n’avez pas pris ce quiz